000 00300nam a22001217a 4500
008 171006b xxu||||| |||| 00| 0 eng d
041 _aeng
080 _a159.9
100 _a49
101 _apsi
245 _aDEVELOPING CRITICAL THINKING AND PROBLEM-SOLVING ABILITIES
_cSTICE, J.E
942 _2udc
_cBK
999 _c32402
_d32402